| 000 | 00842nam a22002537a 4500 | ||
|---|---|---|---|
| 003 | DO-SdBNP | ||
| 005 | 20180221091742.0 | ||
| 008 | 151021b 2005 sp a || 00| 0 spa d | ||
| 020 | _a8434830957 | ||
| 040 |
_aBPMSU _bspa _cBPMSU |
||
| 082 |
_axxxx _bxxxx |
||
| 100 | 1 | _aDíaz, Gloria Cecilia | |
| 245 | 1 | 0 |
_aLa bruja de la montaña / _cGloria Cecilia Díaz ; Ilustraciones de Emilio Urberuaga. |
| 250 | _a18ª ed. | ||
| 260 |
_aMadrid : _bEdiciones SM, _c2005. |
||
| 300 |
_a61 p. : _bil. _c20 cm. |
||
| 490 | 1 |
_aBarco de vapor., Serie blanca _v37 |
|
| 500 | _aIncluye datos biográficos de la autora en la solapa de la contracubierta. | ||
| 700 | 1 | 2 |
_aUrberuaga, Emilio, _eil. |
| 830 | 0 |
_aBarco de vapor., Serie blanca ; _n37 |
|
| 942 |
_2ddc _cBK |
||
| 945 | _aInventariado, 2018/ YL | ||
| 956 |
_aLOPEREZ _210 _320161123 _6BPMSU _800041 |
||
| 999 |
_c8418 _d8418 |
||